| 000 | 00856nam a2200205Ii 4500 | ||
|---|---|---|---|
| 003 | JO-AjNU | ||
| 008 | 230605s9999||||xx |||||||||||||| ||und|| | ||
| 017 | _a1972/5892 | ||
| 040 |
_aJO-AjNU _bara _erda _cJO-AjNU |
||
| 041 | _aara | ||
| 050 | 1 | 4 | _aHQ766 1972 |
| 100 | 3 |
_aاشراف بيرلسون، برنارد ؛ بقلم: طائفة من المتخصصين ؛ ترجمة: محمد محبوب، بهيرة مختار ؛ تقديم: عزيز البنداري, _eauthor _948834 |
|
| 245 | 0 | 0 | _aبرامج تنظيم الاسرة: عرض دولي شامل |
| 264 | 3 | 1 | _aالقاهرة: دار المعرفة،1972 |
| 300 |
_a421ص _bيحتوي على كشاف تحليلي من ص 395-421ص |
||
| 336 |
_atext _btxt _2rdacontent |
||
| 337 |
_aunmediated _bn _2rdamedia |
||
| 338 |
_avolume _bnc _2rdacarrier |
||
| 650 | 4 |
_aتنظيم الاسرة _948835 |
|
| 999 |
_aA21412 _c24980 _d24980 |
||